Quizzes
Events
Quiz Creation
Community
Videos
Private Events
Remove Ads
Sign In
Join for FREE
Feedback
Dark Mode
Quiz Categories
Sports
Geography
Music
Movies
Television
Just For Fun
Miscellaneous
History
Literature
Language
Science
Gaming
Entertainment
Religion
Holiday
For Kids
Quiz Lab
Recent
Popular Today
Quiz Kudos Today
Editor Picks
Curator Picks
Quizzes by...
Day
Popularity
Type
Ratings
Length
Year
Community
Subscriptions
Recent Discussions
Orange Saloon
Badges
Playlists
Quests
Create
Leaderboards
Showdown
Live 5
Trivia Bingo
Activity
Puzzle Library
Sporcle Events
Private Events
Virtual Trivia
Globe League
Become a Host
Pub Owners
SporcleCon
Opinionation
Our Games
Videos
Blog
Mobile Apps
Partnerships
Remove Ads and Go Orange
Feedback
Geography
Country
Landmarks
City
State
Population
World
Capital
Continent
Flags
Europe
Africa
Asia
South America
North America
Oceania
Border
Canada
United Kingdom
Topography
United States
Geography
Country
Landmarks
City
State
Population
World
Capital
Continent
Flags
Europe
Africa
Asia
South America
North America
Oceania
Border
Canada
United Kingdom
Topography
United States
Random Quiz
Search Sporcle
×
Quiz Lab
Quiz Lab
Geography
City
Type in answers that appear in a list
Type in answers that appear in a list
Classic
Best Score? Go Orange.
Top foreign airports for US passengers Stats
Can you name the top foreign airports for US passengers?
By
ozarkjayhawk
4m
20 Questions
6,347 Plays
6,347 Plays
6,347 Plays
Comments
Comments
Give Quiz Kudos
Give Quiz Kudos
-
- Ratings
hide this ad
Replay
Link that replays current quiz
Next Quiz
Link to next quiz in quiz playlist
You Got
0%
They Got
Avg Score
62%
Avg Friend Score
Upgrade to see
Score Distribution
Jump to the score distribution portion of the page
Score
0/20
Timer
04:00
0
Plays Today
number of passengers
city or airport code
% Correct
11,392,242
London-Heathrow, United Kingdom (LHR)
99.7%
5,854,684
Paris, France (CDG)
97.5%
4,118,932
Mexico City, Mexico (MEX)
92.8%
9,662,626
Tokyo, Japan (NRT)
90.8%
8,196,315
Toronto, Canada (YYZ)
89.9%
4,243,358
Vancouver, Canada (YVR)
83.7%
4,009,303
London-Gatwick, United Kingdom (LGW)
82.3%
2,799,604
Montreal, Canada (YUL)
81%
6,734,489
Frankfurt am Main, Germany (FRA)
77.2%
4,424,653
Amsterdam, Netherlands (AMS)
73.3%
number of passengers
city or airport code
% Correct
5,222,761
Cancun, Mexico (CUN)
60.2%
2,733,951
Seoul, South Korea (ICN)
55%
1,783,446
Sao Paulo, Brazil (GRU)
49.9%
1,834,818
Manchester, United Kingdom (MAN)
44.8%
2,170,791
Nassau, Bahamas (NAS)
42.6%
1,753,547
Santo Domingo, Dominican Republic (SDQ)
38.9%
1,831,748
Guadalajara, Mexico (GDL)
26.8%
2,076,225
Osaka, Japan (KIX)
26.3%
1,911,389
Montego Bay, Jamaica (MBJ)
21.9%
2,108,349
Taipei, Taiwan (TPE)
20.7%
Quiz Playlist
Details
Report
Send in Message
Add To Playlist
Classic:
Type in answers that appear in a list
Quiz Source
Last Updated: May 3, 2017
Quiz Scoreboard
CHALLENGE
Sign Up to Join the Scoreboard
Show All
Scores
Hide
Comments
May contain spoilers
Recently Published
NBA Finals Game Top Scorers (2010s)
by flibbidy
Sports
5m
Guess the 'R' Things in 3 Words
by MSUKent
Miscellaneous
3m
Actor to Badly Drawn Movie III
by MoMosMoProblems
Movies
5m
More to Explore
Quiz From the Vault
Featured Blog Post
Where Does Lost Luggage Go?
hide this ad
You Might Also Like...
Tags
City Quiz
Numbers Quiz
airport
code
foreign
Passenger
Today's Top Quizzes in Geography
Browse Geography
hide this ad
Today's Top Quizzes in City
Browse City
Top Contributed Quizzes in Geography
1
Countries of the World - No Outlines Minefield
2
Find the Landmarks A-Z
3
Lietuvos savivaldybės (Lithuanian Municipalities)
4
Blind Ultimate Minefield: World
5
Find the US States - No Outlines
6
Ultimate Geography Challenge 'A'
7
3, 2, 1 or 0: Land Borders
8
Complete the Map Snippet (Minefield) IX
9
Nickname Match: U.S. States
10
Complete the Map Snippet (Minefield) X
Explore More
Trending Topics
Marvel
Disney
Harry Potter
NBA
Anime
Crossword
Kpop
Country
NFL
WWE
Puzzle
Pokémon
Soccer
Song
The Office
hide this ad
More By:
ozarkjayhawk
Quiz
Plays
Rating
Category
Featured
Created
top foreign airports for US passengers
6,347
4.02
Geography
Mar 16, 2010
US citizens living abroad by country
3,886
4.14
Geography
Mar 8, 2010
nuclear proliferation
892
3.73
History
Mar 29, 2010
Go to Creator's Profile
Score Distribution
Quiz Creator Spotlight
ozarkjayhawk
Follow
Send a Message
Quizzes Created
-
Created Quiz Play Count
-
More By This Creator
Popular Quizzes Today
1
Find the US States - No Outlines Minefield
2
Find the US States
3
The Countries of the World
4
10 Largest US States in Order
5
Find the Countries of Europe - No Outlines Minefield
6
US States
7
Guess the 'R' Things in 3 Words
8
NBA Finals Game Top Scorers (2010s)
More Geography Quizzes
10 Closest Capitals to Damascus
Published
Trending Quizzes
First Name TV: Leading Men
Match the Book to the Film II
3-Word Movies in 1 Word II
First Name TV: Leading Women Drama
Match the Book to the Film VI
Recently Updated
Women's Final Four Teams by Year
bhenderson79
Presidents Quartet II
eogle
Anything But Clue(do)
eogle
Anything But Oceanian Capitals
eogle
Anything But 7
eogle
Anything But Thing
eogle
Word Ladder: February 29
pecheneg
Song Title Questions
pecheneg
Women's NCAA Tournament #1 Seeds
pecheneg
Celebrity Mug Shots
pecheneg
Trending Topics
NBA
Disney
Anime
Marvel
Kpop
Harry Potter
Crossword
The Office
Soccer
Country
Pokémon
Song
Puzzle
WWE
NFL
Your Account Isn't Verified!
In order to create a playlist on Sporcle, you need to verify the email address you used during registration. Go to your
Sporcle Settings
to finish the process.
Report this User
Report this user for behavior that violates our
Community Guidelines
.
Details:
Send Report
Go to the Sporcle.com Mobile Site →
Comments